| 000 | 00833cam a22002535a 4500 | ||
|---|---|---|---|
| 001 | 18697194 | ||
| 005 | 20161013111216.0 | ||
| 008 | 150713t2016 enka frb 001 0 eng d | ||
| 020 | _a9780128025789 | ||
| 040 |
_aDLC _beng _cDLC _dEG-ScBUE |
||
| 082 | 0 | 4 |
_222 _a371.26 _bFOO |
| 100 | 1 |
_aFoote, Lee. _941535 |
|
| 245 | 1 | 0 |
_aOral exams : _bpreparing for and passing candidacy, qualifying, and graduate defenses / _cA. Lee Foote. |
| 260 |
_aLondon : _bAcademic Press / Elsevier, _cc.2016. |
||
| 300 |
_aix, 191 p. : _bill. ; _c24 cm. |
||
| 500 | _aIndex : p. 189-191. | ||
| 504 | _aBibliography : p. 187-188. | ||
| 650 | 7 |
_2BUEsh _aOral examinations. _941536 |
|
| 650 | 7 |
_2BUEsh _aTest-taking skills. _928378 |
|
| 650 | 7 |
_aExaminations _xStudy guides. _925998 _2BUEsh |
|
| 651 | _2BUEsh | ||
| 653 |
_bDDent _cOctober2016 |
||
| 942 | _2ddc | ||
| 999 |
_c22557 _d22529 |
||